Experimental Techniques in Physical Metallurgy/ (Record no. 12005)
[ view plain ]
| 000 -LEADER | |
|---|---|
| fixed length control field | 01061cam a2200265u 4500 |
| 001 - CONTROL NUMBER | |
| control field | 6606791 |
| 005 - DATE AND TIME OF LATEST TRANSACTION | |
| control field | 20080201154727.0 |
| 008 - FIXED-LENGTH DATA ELEMENTS--GENERAL INFORMATION | |
| fixed length control field | 820714s1967 nyua 000 0 eng |
| 010 ## - LIBRARY OF CONGRESS CONTROL NUMBER | |
| LC control number | 67009405 |
| 040 ## - CATALOGING SOURCE | |
| Original cataloging agency | DLC |
| Transcribing agency | CarP |
| Modifying agency | DLC |
| 050 00 - LIBRARY OF CONGRESS CALL NUMBER | |
| Classification number | TN690 |
| Item number | .C515 |
| 082 ## - DEWEY DECIMAL CLASSIFICATION NUMBER | |
| Edition number | 22 |
| Classification number | 669.94 |
| Item number | CHE |
| 100 1# - MAIN ENTRY--PERSONAL NAME | |
| Personal name | Cherepin, Valentin Tikhonovich. [from old catalog] |
| 9 (RLIN) | 6826 |
| 245 10 - TITLE STATEMENT | |
| Title | Experimental Techniques in Physical Metallurgy/ |
| Statement of responsibility, etc | V. T. Cherepin & A. K. Mallik |
| 260 ## - PUBLICATION, DISTRIBUTION, ETC. (IMPRINT) | |
| Place of publication, distribution, etc | New York: |
| Name of publisher, distributor, etc | Asia Pub. House, |
| Date of publication, distribution, etc | 1967 |
| 300 ## - PHYSICAL DESCRIPTION | |
| Extent | xi, 426 p.: |
| Other physical details | ill. ; |
| Dimensions | 25 cm. |
| 490 ## - Series Statement | |
| Series statement | Indian Institute of Technology, Bombay Series |
| 504 ## - BIBLIOGRAPHY, ETC. NOTE | |
| Bibliography, etc | Includes bibliographical references and index |
| 650 #0 - SUBJECT ADDED ENTRY--TOPICAL TERM | |
| Topical term or geographic name as entry element | Physical metallurgy. |
| 9 (RLIN) | 6827 |
| 650 #0 - SUBJECT ADDED ENTRY--TOPICAL TERM | |
| Topical term or geographic name as entry element | Experimental design. |
| 9 (RLIN) | 6828 |
| 700 1# - ADDED ENTRY--PERSONAL NAME | |
| Personal name | Mallik, Ajit Kumar, [from old catalog] |
| Relator term | joint author. |
| 9 (RLIN) | 6829 |
| 710 2# - ADDED ENTRY--CORPORATE NAME | |
| Corporate name or jurisdiction name as entry element | Indian Institute of Technology, Bombay. |
| 9 (RLIN) | 6830 |
| 942 ## - ADDED ENTRY ELEMENTS (KOHA) | |
| Source of classification or shelving scheme | Dewey Decimal Classification |
| Item type | Book - Borrowing |
| Withdrawn status | Item status | Source of classification or shelving scheme | Damaged status | Not for loan | Vendor | Home library | Current library | Shelving location | Date acquired | Source of acquisition | Cost, normal purchase price | Total Checkouts | Full call number | Barcode | Date last seen | Koha item type |
|---|---|---|---|---|---|---|---|---|---|---|---|---|---|---|---|---|
| Dewey Decimal Classification | Alef-Baa | Central Library | Central Library | First floor | 24/06/2009 | 150.00 | 669.94 CHE | 000017000 | 15/07/2025 | Book - Borrowing |